000 00611nam a2200217Ia 4500
005 20250508164010.0
008 008 250505s9999 xx 000 0 hin d
020 _a81-7137-264-3
037 _aTextual
040 _aFEDL
_beng
_cFEDL
041 _ahin
_2eng
084 _a158, NAT
_qFEDL
100 _aNathavat S. S.
_9777005
245 0 _aVyavaharika manovigyan
260 _aJaipur, India
_bRajasthan Hindi Granth Akademi
_c1998
300 _aviii,227p.
650 _aApplied Psychology
700 _a Saxsena Madulika
_9777006
942 _cTEXL
_h158, NAT
999 _c1386493
_d1386493